LEADER 02109oam 2200517 a 450 001 9910697589203321 005 20240131164101.0 035 $a(CKB)5470000002389057 035 $a(OCoLC)70874070 035 $a(EXLCZ)995470000002389057 100 $a20041223d2004 ua 0 101 0 $aeng 135 $aurcn||||||||| 181 $ctxt$2rdacontent 182 $cc$2rdamedia 183 $acr$2rdacarrier 200 10$aPredictive validity of the aviation lights test for testing pilots with color vision deficiencies$b[electronic resource] $efinal report /$fNelda J. Milburn, Henry W. Mertens 210 1$aWashington, DC :$cU.S. Dept. of Transportation, Federal Aviation Administration, Office of Aerospace Medicine ;$aSpringfield, Va. :$cAvailable through the National Technical Information Service,$d[2004] 215 $ai, 18 pages $cdigital, PDF file 300 $aTitle from title screen (viewed on Dec. 2, 2008). 300 $a"September 2004." 300 $a"DOT/FAA/AM-04/14." 320 $aIncludes bibliographical references. 517 $aPredictive validity of the aviation lights test for testing pilots with color vision deficiencies 606 $aColor vision$xTesting 606 $aAir pilots$xHealth and hygiene$zUnited States 606 $aAir pilots$xMedical examinations$zUnited States 606 $aColor Perception Tests$xstandards 606 $aAerospace Medicine 606 $aPredictive Value of Tests 615 0$aColor vision$xTesting. 615 0$aAir pilots$xHealth and hygiene 615 0$aAir pilots$xMedical examinations 615 12$aColor Perception Tests$xstandards. 615 22$aAerospace Medicine. 615 22$aPredictive Value of Tests. 700 $aMilburn$b Nelda J$01403546 701 $aMertens$b Henry W$01416884 712 02$aUnited States.$bOffice of Aerospace Medicine. 801 0$bNLM 801 1$bNLM 801 2$bGPO 906 $aBOOK 912 $a9910697589203321 996 $aPredictive validity of the aviation lights test for testing pilots with color vision deficiencies$93523737 997 $aUNINA